| 000 | 00430nam a2200157Ia 4500 | ||
|---|---|---|---|
| 005 | 20250424120307.0 | ||
| 008 | 250424s9999 xx 000 0 und d | ||
| 022 | _a10922172 | ||
| 050 | _aQR 1 .B25/ | ||
| 245 | 0 | _aMicrobiology and molecular biology reviews: mmbr | |
| 260 | _aN.Y. | ||
| 260 | _c2009 | ||
| 300 | _a333 p. : ill. ; 28 cm. | ||
| 650 | _aMicrobiology--Periodicals. Molecular biology--Periodicals. | ||
| 942 | _cSR | ||
| 999 |
_c38487 _d38487 |
||